Italia en el siglo XV : (Record no. 161093)

MARC details
000 -LEADER
campo de control de longitud fija 00911nam a22002415i 4500
001 - NÚMERO DE CONTROL
campo de control 161093
003 - IDENTIFICADOR DE NÚMERO DE CONTROL
campo de control ES-MaACL
005 - FECHA Y HORA DE LA ÚLTIMA TRANSACCIÓN
campo de control 20250704063121.0
008 - DATOS DE LONGITUD FIJA--INFORMACIÓN GENERAL
campo de control de longitud fija 940301e1892 sp |||| | spa d
040 ## - FUENTE DE CATALOGACIÓN
Centro catalogador/agencia de origen CAM
Lengua de catalogación spa
080 ## - NÚMERO DE LA CLASIFICACIÓN DECIMAL UNIVERSAL
Número de la Clasificación Decimal Universal 94(450)
100 1# - ENTRADA PRINCIPAL--NOMBRE DE PERSONA
Nombre de persona Orti y Brull, Vicente,
Fechas asociadas al nombre -1897
Término indicativo de función/relación Autor
9 (RLIN) 130712
245 10 - MENCIÓN DEL TÍTULO
Título Italia en el siglo XV :
Resto del título religión, politíca, letras y artes /
Mención de responsabilidad, etc. por Vicente Orti y Brull.
260 ## - PUBLICACIÓN, DISTRIBUCIÓN, ETC.
Lugar de publicación, distribución, etc. Madrid :
Nombre del editor, distribuidor, etc. [s.n.],
Fecha de publicación, distribución, etc. 1892
Fabricante (Imp. y Litogr. de los Huérfanos)
300 ## - DESCRIPCIÓN FÍSICA
Extensión 537 páginas ;
Dimensiones 22 cm.
650 #4 - PUNTO DE ACCESO ADICIONAL DE MATERIA--TÉRMINO DE MATERIA
Término de materia o nombre geográfico como elemento de entrada Religión y política-
Subdivisión geográfica Italia
9 (RLIN) 167622
651 #4 - PUNTO DE ACCESO ADICIONAL DE MATERIA--NOMBRE GEOGRÁFICO
9 (RLIN) 8866
Nombre geográfico Italia-
Subdivisión general Historia
651 #0 - PUNTO DE ACCESO ADICIONAL DE MATERIA--NOMBRE GEOGRÁFICO
9 (RLIN) 241216
Nombre geográfico Italia-
Subdivisión general Vida intelectual
852 ## - LOCALIZACIÓN
Ubicación ES-MaACL
Ubicación en estantería Sala Valle Inclán
Anotaciones manuscritas Dedicatoria autógrafa del autor a Antonio Aura Boronat
Donativo/Legado Donativo de Antonio Aura Boronat
Número de control de estantería D-4958
Encuadernación Holandesa
942 ## - ELEMENTOS DE ENTRADA SECUNDARIOS (KOHA)
Fuente del sistema de clasificación o colocación Clasificación decimal universal
Tipo de ítem Koha Libro impreso antiguo
Suprimir en OPAC No
Holdings
Estatus retirado Estado de pérdida Fuente del sistema de clasificación o colocación Estado de daño No para préstamo Colección Biblioteca de origen Biblioteca actual Ubicación en estantería Fecha de adquisición Fuente de adquisición Total de préstamos Signatura topográfica completa Código de barras Visto por última vez Tipo de ítem Koha
    Clasificación decimal universal     Libros del s. XIX Biblioteca del Ateneo de Madrid Biblioteca del Ateneo de Madrid Sala Valle Inclán 17/01/2008 Donación   D-4958 901168731 23/02/2023 Libro impreso antiguo